1516 1649 1587 1729 1204 1101 1725 1471 1273 1403 1947 1073 1507 1780 1309 1137 1739 1966 1825 1167 1360 1313 1813 1725 1523 1955 1881 1152 1154 1013 1243 1288 1937 1306 1949 1791 1741 1394 1889 1640 1247 1881 1622 1516 1965 1240 1681 1190 1783 1380 1970 1040 1275 1264 1554 1575 1499 1930 1489 1898 1976 1662 1667 1274 1348 1181 1825 1029 1656 1263 1198 1010 1294 1818 1386 1236 1854 1018 1751 1970 1948 1417 1372 1873 1741 1238 1975 1637 1190 1051 1170 1939 1187 1543 1250 1037 1664 1971 1902 BCNSPRNW ULIB Ver.6.0+V

เปลี่ยนเป็นภาษาไทย

Change to English
 แสดงรายละเอียดบรรณานุกรม
  กลับหน้าหลัก

Brief Record : Get Marc (ISO 2709) : E-mail record : QR code < ปิดหน้าต่าง
LEADER : 00000nam 2200000uu 4500
001    13399121504
003     ULIB
008    121121s2549||||th 000 0 tha d
020    ^a9748513084
082 0  ^aรส^bค147น
100 0  ^aคมทวน คันธนู
245 00 ^aนาฏกรรมบนลานกว้าง
250    ^aพิมพ์ครั้งที่ 11
260    ^aกรุงเทพฯ^bสิริมงคลคำ^c2549
300    ^a152 หน้า
650  0 ^aกวีนิพนธ์
945    ^p120^l0^i14446
995    ^aวิภา
999    ^aวิภา
รายการนี้ยังไม่มีแท็ก
คุณยังไม่ได้ล็อกอิน คุณสามารถมีกิจกรรมร่วมกับเว็บไซต์ได้ แต่ต้องล็อกอินก่อน ::
  ล็อกอิน

รายการสื่อสารสนเทศ

ลำดับที่ ประเภท เลขเรียก/บาร์โค้ด สถานที่ สถานะ
1. วิทยาศาสตร์การแพทย์ และสุขภาพ
วิทยาศาสตร์การแพทย์ และสุขภาพ
รส ค147น  
  Barcode: 14446
ห้องสมุดวิทยาเขตสวรรค์ประชารักษ์
►นวนิยาย
บนชั้น
  ขอยืม

รายการใกล้เคียง
    ชื่อเรื่อง [นาฏกรรมบนลานกว้าง]

    ผู้แต่ง [คมทวน คันธนู]

    หัวเรื่อง [กวีนิพนธ์]

BibComment


ยังไม่เคยถูกคอมเมนท์

คอมเมนท์ทรัพยากรรายการนี้
  คอมเมนท์: นาฏกรรมบนลานกว้าง


 Copyright 2026. Bcnsprnw @Library